01426nam a22002297a 450000500170000000800410001704000570005824500500011526000400016530000370020550002810024250801020052351102190062560000320084465000440087665100430092065100440096370000270100785600640103485600900109804100080118820170608110958.0130802s1996 xxu gr 000 0 eng  aCO-BoUCMcAngélica RojasdAldemar Mondragónbspa00aMichael Collinsh[DVD]cNeil Jordan, director a[Washington]bGeffen Picturesc1996 a1 disco (132 min)bsonido, color aSIPNOSIS: Michael Collins (1890-1922) fue un líder revolucionario irlandés que luchó encarnizadamente contra la ocupación inglesa de su patria. Con sus jóvenes pistoleros llevó a cabo una serie de sanguinarios atentados que generaron una no menos cruel represión aCREDITOS: Director y Guión Neil Jordan ; Música Elliot Goldenthal ; FotografíaChris Menges aREPARTO: Liam Neeson, Aidan Quinn, Stephen Rea, Alan Rickman, Julia Roberts, Ian Hart, Brendan Gleeson, Sean McGinley, Charles Dance, Gerard McSorley, Frank O'Sullivan, Stuart Graham, Owen Roe, Jonathan Rhys-Meyers14aCollins, Michaeld1890-1922 7aRevolucionarioszIrlandaySiglo XXvDvd 4aIrlandaxHistoria políticaySiglo XX 4aIrlandaxViolencia políticaySiglo XX1 aJordan, Neiledirector zVer el traileruhttps://www.youtube.com/watch?v=F1pkbe2991004uhttps://www.youtube.com/watch?v=F1pkbe29910zSiga este vínculo para ver el trailer. aeng